[Event "EYCC 2024 - O08"]
[Site "?"]
[Date "2024.08.23"]
[Round "2.1"]
[White "Zidek, Damian"]
[Black "Protopopescu, Luca"]
[Result "1/2-1/2"]
[BlackElo "1849"]
[WhiteElo "1582"]
[LiveChessVersion "1.4.8"]

1. d4 {[%clk 1:30:58]} f5 {[%clk 1:30:58]} 2. c4 {[%clk 1:31:26]} Nf6
{[%clk 1:31:16]} 3. Nc3 {[%clk 1:31:43]} e6 {[%clk 1:31:32]} 4. Nf3
{[%clk 1:31:57]} b6 {[%clk 1:31:53]} 5. Bf4 {[%clk 1:32:05]} Bb7 {[%clk 1:32:16]}
6. e3 {[%clk 1:32:05]} Bb4 {[%clk 1:32:28]} 7. Qc2 {[%clk 1:31:36]} O-O
{[%clk 1:32:38]} 8. Bd3 {[%clk 1:31:07]} d6 {[%clk 1:32:46]} 9. a3
{[%clk 1:31:10]} Bxc3+ {[%clk 1:33:07]} 10. Qxc3 {[%clk 1:31:28]} Ne4
{[%clk 1:33:07]} 11. Bxe4 {[%clk 1:30:57]} Bxe4 {[%clk 1:32:01]} 12. Ng5
{[%clk 1:29:24]} Qe7 {[%clk 1:30:56]} 13. Nxe4 {[%clk 1:28:18]} fxe4
{[%clk 1:31:20]} 14. Qc2 {[%clk 1:28:20]} Nd7 {[%clk 1:30:32]} 15. Qxe4
{[%clk 1:28:00]} e5 {[%clk 1:30:09]} 16. dxe5 {[%clk 1:27:43]} dxe5
{[%clk 1:30:14]} 17. Bg3 {[%clk 1:27:42]} Nc5 {[%clk 1:30:23]} 18. Qc2
{[%clk 1:26:44]} Rad8 {[%clk 1:30:16]} 19. O-O {[%clk 1:26:30]} h5
{[%clk 1:29:04]} 20. f3 {[%clk 1:26:12]} h4 {[%clk 1:29:06]} 21. Bf2
{[%clk 1:26:21]} h3 {[%clk 1:29:25]} 22. Bg3 {[%clk 1:25:39]} Qg5
{[%clk 1:28:57]} 23. f4 {[%clk 1:25:21]} Qg4 {[%clk 1:25:47]} 24. gxh3
{[%clk 1:24:49]} Qh5 {[%clk 1:23:31]} 25. fxe5 {[%clk 1:24:34]} Rxf1+
{[%clk 1:23:26]} 26. Rxf1 {[%clk 1:24:44]} Qg5 {[%clk 1:23:48]} 27. Qf2
{[%clk 1:24:28]} Nd3 {[%clk 1:23:39]} 28. Qf3 {[%clk 1:23:36]} Nxe5
{[%clk 1:23:31]} 29. Qe4 {[%clk 1:22:03]} Nd3 {[%clk 1:21:04]} 30. Kh1
{[%clk 1:21:16]} Qh5 {[%clk 1:19:06]} 31. Qe6+ {[%clk 1:11:42]} Kh8
{[%clk 1:18:58]} 32. Qe7 {[%clk 1:09:35]} Re8 {[%clk 1:18:37]} 33. Rf8+
{[%clk 1:09:36]} Rxf8 {[%clk 1:18:59]} 34. Qxf8+ {[%clk 1:09:49]} Kh7
{[%clk 1:19:25]} 35. Qf1 {[%clk 1:09:42]} Qg6 {[%clk 1:19:49]} 36. Qf3
{[%clk 1:07:09]} Nxb2 {[%clk 1:19:40]} 37. e4 {[%clk 0:56:35]} Nxc4
{[%clk 1:19:44]} 38. Bxc7 {[%clk 0:55:13]} Nd2 {[%clk 1:19:50]} 39. Qf5
{[%clk 0:54:07]} Nxe4 {[%clk 1:18:56]} 40. Qxg6+ {[%clk 0:53:59]} Kxg6
{[%clk 1:19:17]} 41. Kg2 {[%clk 0:53:46]} Nd2 {[%clk 1:19:28]} 42. Kf2
{[%clk 0:53:49]} b5 {[%clk 1:19:07]} 43. Ba5 {[%clk 0:53:26]} Nc4
{[%clk 1:19:06]} 44. Bb4 {[%clk 0:53:41]} a5 {[%clk 1:19:25]} 45. Bc5
{[%clk 0:53:43]} Kh5 {[%clk 1:19:36]} 46. Be7 {[%clk 0:53:41]} Kg6
{[%clk 1:18:23]} 47. Ke2 {[%clk 0:52:47]} Kf5 {[%clk 1:18:38]} 48. Kf3
{[%clk 0:49:26]} Ke5 {[%clk 1:18:23]} 49. Kg4 {[%clk 0:47:46]} Ne3+
{[%clk 1:17:37]} 50. Kg5 {[%clk 0:47:33]} Ke6 {[%clk 1:17:59]} 51. Bc5
{[%clk 0:47:16]} Nd5 {[%clk 1:16:57]} 52. Kg6 {[%clk 0:47:14]} Nf4+
{[%clk 1:17:22]} 53. Kxg7 {[%clk 0:45:36]} Nxh3 {[%clk 1:17:40]} 54. Be3
{[%clk 0:45:32]} Kd5 {[%clk 1:17:53]} 55. Bd2 {[%clk 0:45:10]} a4
{[%clk 1:18:00]} 56. Kh6 {[%clk 0:44:58]} Ke4 {[%clk 1:17:42]} 57. Kg6
{[%clk 0:44:16]} Kd3 {[%clk 1:17:36]} 58. Bh6 {[%clk 0:43:27]} Ke4
{[%clk 1:16:52]} 59. Kf7 {[%clk 0:43:00]} Nf4 {[%clk 1:17:04]} 60. Ke7
{[%clk 0:42:51]} b4 {[%clk 1:16:08]} 61. axb4 {[%clk 0:42:19]} Nd5+
{[%clk 1:16:11]} 62. Kd6 {[%clk 0:42:17]} Nxb4 {[%clk 1:15:22]} 63. Kc5 1/2-1/2

[Event "EYCC 2024 - O08"]
[Site "?"]
[Date "2024.08.23"]
[Round "2.2"]
[White "Badescu, Matei-Andrei"]
[Black "Huzela, Lukyan"]
[Result "0-1"]
[BlackElo "1577"]
[WhiteElo "1791"]
[LiveChessVersion "1.4.8"]

1. e4 {[%clk 1:30:58]} c5 {[%clk 1:30:51]} 2. c3 {[%clk 1:31:22]} Nf6
{[%clk 1:30:53]} 3. e5 {[%clk 1:31:39]} Nd5 {[%clk 1:31:16]} 4. d4
{[%clk 1:32:01]} cxd4 {[%clk 1:31:23]} 5. Nf3 {[%clk 1:32:22]} Nc6
{[%clk 1:29:55]} 6. cxd4 {[%clk 1:32:17]} e6 {[%clk 1:29:28]} 7. Nc3
{[%clk 1:32:36]} d6 {[%clk 1:18:17]} 8. Bd3 {[%clk 1:32:51]} dxe5
{[%clk 1:17:01]} 9. dxe5 {[%clk 1:32:58]} Be7 {[%clk 1:10:08]} 10. O-O
{[%clk 1:32:53]} O-O {[%clk 1:09:04]} 11. Qe2 {[%clk 1:32:50]} Qe8
{[%clk 0:52:03]} 12. Qe4 {[%clk 1:32:47]} f5 {[%clk 0:51:46]} 13. exf6
{[%clk 1:33:05]} Nxf6 {[%clk 0:52:06]} 14. Qh4 {[%clk 1:30:34]} Nh5
{[%clk 0:41:36]} 15. Qc4 {[%clk 1:28:33]} Qf7 {[%clk 0:28:14]} 16. Bd2
{[%clk 1:26:07]} Bd7 {[%clk 0:27:00]} 17. Ne4 {[%clk 1:24:10]} h6
{[%clk 0:25:01]} 18. Bc2 {[%clk 1:22:21]} Rad8 {[%clk 0:20:45]} 19. b4
{[%clk 1:21:40]} b5 {[%clk 0:20:49]} 20. Qb3 {[%clk 1:21:38]} Nf6
{[%clk 0:19:29]} 21. Nxf6+ {[%clk 1:20:58]} Bxf6 {[%clk 0:19:06]} 22. Qd3
{[%clk 1:20:43]} g5 {[%clk 0:19:02]} 23. Rae1 {[%clk 1:20:19]} g4
{[%clk 0:15:55]} 24. Bxh6 {[%clk 1:20:20]} gxf3 {[%clk 0:16:10]} 25. Bxf8
{[%clk 1:20:18]} fxg2 {[%clk 0:16:29]} 26. Qg3+ {[%clk 1:19:29]} Kxf8
{[%clk 0:16:56]} 27. Qxg2 {[%clk 1:18:12]} Ke7 {[%clk 0:17:10]} 28. Bg6
{[%clk 1:18:30]} Qg7 {[%clk 0:17:12]} 29. f4 {[%clk 1:18:06]} Rg8
{[%clk 0:16:11]} 30. f5 {[%clk 1:18:29]} Bd4+ {[%clk 0:16:23]} 31. Kh1
{[%clk 1:18:52]} Nd8 {[%clk 0:15:56]} 32. Re2 {[%clk 1:17:27]} Be5
{[%clk 0:14:11]} 33. Qg4 {[%clk 1:16:44]} Bc6+ {[%clk 0:13:14]} 34. Kg1
{[%clk 1:16:12]} Bd4+ {[%clk 0:13:22]} 35. Rff2 {[%clk 1:16:30]} Bxf2+
{[%clk 0:13:27]} 36. Rxf2 {[%clk 1:16:45]} Qa1+ {[%clk 0:13:40]} 37. Rf1
{[%clk 1:17:07]} Qf6 {[%clk 0:13:58]} 38. Qg3 {[%clk 1:16:31]} Qd4+
{[%clk 0:13:49]} 39. Rf2 {[%clk 1:16:51]} exf5 {[%clk 0:13:31]} 40. Qc7+
{[%clk 1:16:11]} Bd7 {[%clk 0:13:47]} 41. Qg3 {[%clk 1:15:28]} Qg4
{[%clk 0:13:47]} 42. Re2+ {[%clk 1:15:04]} Qxe2 {[%clk 0:13:21]} 43. a4
{[%clk 1:15:22]} Qd1+ {[%clk 0:13:39]} 44. Kf2 {[%clk 1:15:47]} Qd4+
{[%clk 0:13:30]} 45. Ke2 {[%clk 1:16:08]} Ne6 {[%clk 0:13:39]} 0-1

[Event "EYCC 2024 - O08"]
[Site "?"]
[Date "2024.08.23"]
[Round "2.3"]
[White "Zolotarev, Iaroslav"]
[Black "Veladzic, Isak"]
[Result "0-1"]
[BlackElo "1788"]
[WhiteElo "1569"]
[LiveChessVersion "1.4.8"]

1. d4 {[%clk 1:30:59]} Nf6 {[%clk 1:30:40]} 2. c4 {[%clk 1:31:21]} e6
{[%clk 1:31:00]} 3. Nc3 {[%clk 1:31:38]} d5 {[%clk 1:30:41]} 4. cxd5
{[%clk 1:30:47]} exd5 {[%clk 1:29:54]} 5. Bf4 {[%clk 1:30:52]} Bd6
{[%clk 1:28:49]} 6. Bxd6 {[%clk 1:30:02]} Qxd6 {[%clk 1:28:50]} 7. e3
{[%clk 1:28:58]} O-O {[%clk 1:27:46]} 8. Nf3 {[%clk 1:27:26]} Bf5
{[%clk 1:25:37]} 9. Bd3 {[%clk 1:26:31]} Bg6 {[%clk 1:23:53]} 10. O-O
{[%clk 1:25:37]} Nbd7 {[%clk 1:21:43]} 11. Bxg6 {[%clk 1:24:02]} hxg6
{[%clk 1:21:58]} 12. Rc1 {[%clk 1:23:16]} c6 {[%clk 1:19:55]} 13. a3
{[%clk 1:20:40]} Nb6 {[%clk 1:17:46]} 14. Nd2 {[%clk 1:19:13]} Rac8
{[%clk 1:15:47]} 15. f3 {[%clk 1:14:27]} Rfe8 {[%clk 1:14:31]} 16. e4
{[%clk 1:10:16]} dxe4 {[%clk 1:12:33]} 17. Ndxe4 {[%clk 1:10:25]} Nxe4
{[%clk 1:12:05]} 18. fxe4 {[%clk 1:09:43]} Nc4 {[%clk 1:10:08]} 19. Rf2
{[%clk 1:08:07]} Rcd8 {[%clk 1:06:35]} 20. Qf3 {[%clk 1:05:59]} Qf6
{[%clk 0:56:05]} 21. Qxf6 {[%clk 1:02:39]} gxf6 {[%clk 0:56:33]} 22. Rd1
{[%clk 1:02:06]} Kg7 {[%clk 0:56:31]} 23. a4 {[%clk 0:57:47]} Re7
{[%clk 0:52:04]} 24. b3 {[%clk 0:57:34]} Nd6 {[%clk 0:49:44]} 25. Re2
{[%clk 0:56:08]} Red7 {[%clk 0:45:06]} 26. Red2 {[%clk 0:55:12]} a5
{[%clk 0:41:52]} 27. e5 {[%clk 0:54:43]} Nf5 {[%clk 0:40:08]} 28. exf6+
{[%clk 0:52:45]} Kxf6 {[%clk 0:38:58]} 29. Ne2 {[%clk 0:51:06]} c5
{[%clk 0:36:38]} 30. d5 {[%clk 0:50:03]} Ne3 {[%clk 0:35:06]} 31. Re1
{[%clk 0:49:13]} Nxd5 {[%clk 0:34:28]} 32. Red1 {[%clk 0:48:57]} Nb6
{[%clk 0:34:35]} 33. Rxd7 {[%clk 0:48:54]} Rxd7 {[%clk 0:34:52]} 34. Rxd7
{[%clk 0:49:10]} Nxd7 {[%clk 0:35:11]} 35. Kf2 {[%clk 0:49:26]} Ke5
{[%clk 0:35:11]} 36. Ke3 {[%clk 0:49:08]} Nf6 {[%clk 0:34:56]} 37. h3
{[%clk 0:48:29]} Nd5+ {[%clk 0:34:25]} 38. Kd3 {[%clk 0:48:00]} Nf4+
{[%clk 0:32:32]} 39. Nxf4 {[%clk 0:47:50]} Kxf4 {[%clk 0:32:52]} 40. Kc4
{[%clk 0:48:12]} Kg3 {[%clk 0:32:59]} 41. Kxc5 {[%clk 0:48:25]} Kxg2
{[%clk 0:33:02]} 42. Kb5 {[%clk 0:48:41]} f5 {[%clk 0:33:03]} 43. Kxa5
{[%clk 0:48:42]} f4 {[%clk 0:33:26]} 44. Kb6 {[%clk 0:49:00]} f3 {[%clk 0:33:42]}
0-1

[Event "EYCC 2024 - O08"]
[Site "?"]
[Date "2024.08.23"]
[Round "2.4"]
[White "Demchenko, Timofei"]
[Black "Rusek, Witold"]
[Result "1-0"]
[BlackElo "1574"]
[WhiteElo "1769"]
[LiveChessVersion "1.4.8"]

1. e4 {[%clk 1:30:57]} c5 {[%clk 1:30:55]} 2. Nf3 {[%clk 1:31:23]} e6
{[%clk 1:31:18]} 3. d4 {[%clk 1:31:49]} cxd4 {[%clk 1:31:43]} 4. Nxd4
{[%clk 1:32:13]} Nc6 {[%clk 1:32:04]} 5. Be3 {[%clk 1:32:23]} Qc7
{[%clk 1:31:56]} 6. Nc3 {[%clk 1:32:09]} a6 {[%clk 1:32:12]} 7. Qf3
{[%clk 1:30:22]} Ne5 {[%clk 1:28:19]} 8. Qg3 {[%clk 1:28:33]} Nf6
{[%clk 1:18:31]} 9. f3 {[%clk 1:08:26]} Rg8 {[%clk 1:06:17]} 10. a3
{[%clk 0:58:37]} d6 {[%clk 0:54:59]} 11. Be2 {[%clk 0:50:04]} Nc4
{[%clk 0:50:07]} 12. Bxc4 {[%clk 0:41:25]} Qxc4 {[%clk 0:49:33]} 13. Nde2
{[%clk 0:36:18]} e5 {[%clk 0:43:51]} 14. O-O {[%clk 0:34:05]} Be7
{[%clk 0:36:57]} 15. Rad1 {[%clk 0:30:40]} g5 {[%clk 0:34:55]} 16. b3
{[%clk 0:27:16]} Qc6 {[%clk 0:33:59]} 17. Rd3 {[%clk 0:19:44]} Nh5
{[%clk 0:30:25]} 18. Qf2 {[%clk 0:19:03]} Nf4 {[%clk 0:29:19]} 19. Bxf4
{[%clk 0:17:42]} gxf4 {[%clk 0:28:37]} 20. Nd5 {[%clk 0:11:14]} Bd8
{[%clk 0:26:59]} 21. Rc3 {[%clk 0:10:24]} Qd7 {[%clk 0:25:31]} 22. Rd1
{[%clk 0:09:00]} f5 {[%clk 0:22:57]} 23. Rc7 {[%clk 0:07:30]} Qe6
{[%clk 0:20:34]} 24. Re7+ {[%clk 0:07:50]} Qxe7 {[%clk 0:20:34]} 25. Nxe7 Kxe7
{[%clk 0:20:49]} 26. Qh4+ {[%clk 0:08:24]} Ke8 {[%clk 0:20:33]} 27. Qxh7
{[%clk 0:08:28]} Rf8 {[%clk 0:19:18]} 28. Qg6+ {[%clk 0:08:16]} Rf7
{[%clk 0:19:23]} 29. Rxd6 {[%clk 0:07:43]} Be7 {[%clk 0:19:27]} 30. Rd5
{[%clk 0:07:38]} fxe4 {[%clk 0:19:05]} 31. fxe4 {[%clk 0:07:14]} f3 32. gxf3
{[%clk 0:07:37]} Kf8 {[%clk 0:18:53]} 33. Kf2 {[%clk 0:07:05]} Bh4+
{[%clk 0:19:10]} 34. Ng3 {[%clk 0:07:04]} Rg7 {[%clk 0:18:45]} 35. Qd6+
{[%clk 0:07:21]} Be7 {[%clk 0:18:55]} 36. Qxe5 {[%clk 0:07:36]} Kg8
{[%clk 0:18:37]} 37. Nh5 {[%clk 0:07:21]} Bh4+ {[%clk 0:18:29]} 38. Ke3
{[%clk 0:07:41]} Bg5+ {[%clk 0:18:29]} 39. Kd3 {[%clk 0:07:51]} Rh7
{[%clk 0:18:28]} 40. Qxg5+ {[%clk 0:08:14]} 1-0

[Event "EYCC 2024 - O08"]
[Site "?"]
[Date "2024.08.23"]
[Round "2.5"]
[White "Szumiec, Jan"]
[Black "Arsenijevic, Matija"]
[Result "1/2-1/2"]
[BlackElo "1760"]
[WhiteElo "1560"]
[LiveChessVersion "1.4.8"]

1. e4 {[%clk 1:30:58]} c6 {[%clk 1:30:53]} 2. d4 {[%clk 1:31:12]} d5
{[%clk 1:31:16]} 3. exd5 {[%clk 1:31:33]} cxd5 {[%clk 1:31:38]} 4. Bd3
{[%clk 1:31:54]} Nc6 {[%clk 1:32:03]} 5. c3 {[%clk 1:32:10]} Nf6 {[%clk 1:32:27]}
6. h3 {[%clk 1:32:29]} g6 {[%clk 1:32:38]} 7. Nf3 {[%clk 1:32:49]} Bf5
{[%clk 1:32:55]} 8. O-O {[%clk 1:33:09]} Bxd3 {[%clk 1:33:07]} 9. Qxd3
{[%clk 1:33:25]} Qc7 {[%clk 1:33:15]} 10. Be3 {[%clk 1:30:33]} Bg7
{[%clk 1:31:37]} 11. Nbd2 {[%clk 1:28:14]} O-O {[%clk 1:29:55]} 12. Rfe1
{[%clk 1:26:52]} e6 {[%clk 1:28:02]} 13. Rad1 {[%clk 1:25:58]} Rab8
{[%clk 1:26:27]} 14. Nb3 {[%clk 1:22:19]} Ne4 {[%clk 1:25:09]} 15. Nfd2
{[%clk 1:21:36]} Nxd2 {[%clk 1:24:51]} 16. Bxd2 {[%clk 1:20:37]} Na5
{[%clk 1:21:31]} 17. Nxa5 {[%clk 1:15:50]} Qxa5 {[%clk 1:21:48]} 18. a3
{[%clk 1:13:56]} Qc7 {[%clk 1:20:22]} 19. Qf3 {[%clk 1:11:54]} Qd7
{[%clk 1:19:27]} 20. Bf4 {[%clk 1:10:45]} Rbc8 {[%clk 1:18:35]} 21. Be5
{[%clk 1:08:49]} Bxe5 {[%clk 1:18:01]} 22. Rxe5 {[%clk 1:06:36]} Qb5
{[%clk 1:16:26]} 23. Rd2 {[%clk 1:04:19]} Qb3 {[%clk 1:15:45]} 24. Qf6
{[%clk 1:02:53]} Qb6 {[%clk 1:13:22]} 25. Rh5 {[%clk 0:58:19]} Qd8
{[%clk 1:08:57]} 26. Qxd8 {[%clk 0:58:10]} Rfxd8 {[%clk 1:09:04]} 27. Re5
{[%clk 0:57:01]} b5 {[%clk 1:08:51]} 28. Ree2 {[%clk 0:53:20]} a5
{[%clk 1:08:26]} 29. Rc2 {[%clk 0:53:42]} Rc7 {[%clk 1:07:56]} 30. b4
{[%clk 0:52:52]} a4 {[%clk 1:07:53]} 31. Re3 {[%clk 0:52:44]} Rdc8
{[%clk 1:07:08]} 32. f4 {[%clk 0:51:05]} Rc4 {[%clk 1:07:01]} 33. Rd3
{[%clk 0:51:26]} f5 {[%clk 1:05:21]} 34. Kf2 {[%clk 0:49:54]} Kf7
{[%clk 1:05:10]} 35. Ke3 {[%clk 0:48:09]} Rg8 {[%clk 1:04:43]} 36. g4
{[%clk 0:45:36]} Kf6 {[%clk 1:04:20]} 37. g5+ {[%clk 0:43:34]} Kf7
{[%clk 1:04:27]} 38. h4 {[%clk 0:40:10]} Rcc8 {[%clk 1:02:43]} 39. Rh2
{[%clk 0:39:22]} h5 {[%clk 1:00:08]} 40. Kd2 1/2-1/2

[Event "EYCC 2024 - O08"]
[Site "?"]
[Date "2024.08.23"]
[Round "2.6"]
[White "Predarski, Stefan"]
[Black "Puzas, Kasparas"]
[Result "1-0"]
[BlackElo "1558"]
[WhiteElo "1734"]
[LiveChessVersion "1.4.8"]

1. d4 {[%clk 1:30:56]} d5 {[%clk 1:30:59]} 2. Nc3 {[%clk 1:31:10]} Nf6
{[%clk 1:31:17]} 3. Bf4 {[%clk 1:31:20]} a6 {[%clk 1:31:30]} 4. e3
{[%clk 1:31:04]} e6 {[%clk 1:31:32]} 5. Nf3 {[%clk 1:30:51]} Nbd7
{[%clk 1:30:38]} 6. Bd3 {[%clk 1:29:51]} Be7 {[%clk 1:30:52]} 7. O-O
{[%clk 1:29:28]} c5 {[%clk 1:30:46]} 8. Re1 {[%clk 1:27:39]} c4 {[%clk 1:31:03]}
9. Bf1 {[%clk 1:27:25]} b5 {[%clk 1:31:18]} 10. a3 {[%clk 1:24:10]} b4
{[%clk 1:29:31]} 11. axb4 {[%clk 1:23:12]} Bxb4 {[%clk 1:29:46]} 12. Nb5
{[%clk 1:22:00]} O-O {[%clk 1:27:18]} 13. c3 {[%clk 1:20:20]} Be7
{[%clk 1:27:41]} 14. Bc7 {[%clk 1:19:22]} Qe8 {[%clk 1:24:19]} 15. Nd6
{[%clk 1:19:24]} Bxd6 {[%clk 1:24:37]} 16. Bxd6 {[%clk 1:19:39]} Qd8
{[%clk 1:24:44]} 17. Bxf8 {[%clk 1:19:35]} Nxf8 {[%clk 1:25:10]} 18. Ne5
{[%clk 1:19:16]} Qd6 {[%clk 1:24:36]} 19. g3 {[%clk 1:17:46]} Rb8
{[%clk 1:24:55]} 20. Qc2 {[%clk 1:16:18]} Qb6 {[%clk 1:22:51]} 21. Reb1
{[%clk 1:15:25]} Qc7 {[%clk 1:21:13]} 22. Bg2 {[%clk 1:11:20]} Ne8
{[%clk 1:21:22]} 23. e4 {[%clk 1:11:18]} f6 {[%clk 1:21:38]} 24. Nf3
{[%clk 1:10:29]} dxe4 {[%clk 1:21:41]} 25. Qxe4 {[%clk 1:10:17]} Nd6
{[%clk 1:21:57]} 26. Qe2 {[%clk 1:09:29]} Rb5 {[%clk 1:17:08]} 27. Nd2
{[%clk 1:07:23]} e5 {[%clk 1:12:59]} 28. Ra4 {[%clk 1:03:30]} Bf5
{[%clk 1:10:48]} 29. Ne4 {[%clk 1:02:01]} exd4 {[%clk 1:05:34]} 30. Nxd6
{[%clk 0:57:37]} Qxd6 {[%clk 1:04:35]} 31. Qxc4+ {[%clk 0:56:10]} Kh8
{[%clk 1:02:08]} 32. Rd1 {[%clk 0:54:08]} d3 {[%clk 1:01:18]} 33. Be4
{[%clk 0:52:05]} Bxe4 {[%clk 0:23:57]} 34. Qxe4 {[%clk 0:52:09]} Rxb2
{[%clk 0:20:15]} 35. Qe8 {[%clk 0:42:10]} Re2 {[%clk 0:15:12]} 36. Rxd3
{[%clk 0:38:59]} Rxe8 {[%clk 0:08:45]} 37. Rxd6 {[%clk 0:39:17]} Ng6
{[%clk 0:08:39]} 38. Rad4 {[%clk 0:38:44]} Re1+ {[%clk 0:08:38]} 39. Kg2
{[%clk 0:39:04]} h6 {[%clk 0:08:46]} 40. Rxa6 {[%clk 0:39:10]} Ne5
{[%clk 0:08:25]} 41. c4 {[%clk 0:39:15]} Rc1 {[%clk 0:08:09]} 42. Ra8+
{[%clk 0:39:32]} Kh7 {[%clk 0:08:19]} 43. Rc8 {[%clk 0:39:50]} Rc3
{[%clk 0:08:24]} 44. c5 {[%clk 0:39:45]} Kg6 {[%clk 0:06:22]} 45. f4
{[%clk 0:37:54]} Rc2+ {[%clk 0:06:12]} 46. Kf1 {[%clk 0:36:46]} Nf3
{[%clk 0:06:29]} 47. f5+ {[%clk 0:36:13]} Kh5 {[%clk 0:06:17]} 48. Rf4
{[%clk 0:34:44]} Nxh2+ {[%clk 0:06:20]} 49. Ke1 {[%clk 0:34:29]} Rg2
{[%clk 0:05:30]} 50. c6 {[%clk 0:33:21]} Rxg3 {[%clk 0:05:35]} 51. Rc4
{[%clk 0:32:52]} Ng4 {[%clk 0:05:22]} 52. c7 {[%clk 0:32:23]} Ne5
{[%clk 0:05:43]} 53. Rd8 {[%clk 0:31:57]} Re3+ {[%clk 0:04:29]} 54. Kd1
{[%clk 0:31:27]} Nxc4 {[%clk 0:04:43]} 55. c8=Q {[%clk 0:31:37]} Ne5
{[%clk 0:04:52]} 56. Rg8 {[%clk 0:31:26]} Rg3 {[%clk 0:04:52]} 57. Qf8 Rg5
{[%clk 0:03:50]} 58. Rxg7 {[%clk 0:30:18]} Rxf5 {[%clk 0:03:39]} 59. Qc8
{[%clk 0:30:26]} Rf3 {[%clk 0:03:00]} 60. Ke2 {[%clk 0:29:31]} f5
{[%clk 0:01:50]} 61. Qe8+ {[%clk 0:29:44]} Kh4 {[%clk 0:01:49]} 62. Qxe5
{[%clk 0:29:56]} Kh3 {[%clk 0:01:01]} 63. Kxf3 {[%clk 0:29:58]} f4
{[%clk 0:01:15]} 64. Qh5# {[%clk 0:30:19]} 1-0

[Event "EYCC 2024 - O08"]
[Site "?"]
[Date "2024.08.23"]
[Round "2.7"]
[White "Dede, Omer Taha"]
[Black "Hu, Junyan"]
[Result "0-1"]
[BlackElo "1720"]
[WhiteElo "1547"]
[LiveChessVersion "1.4.8"]

1. e4 {[%clk 1:29:00]} c5 {[%clk 1:30:13]} 2. Nc3 {[%clk 1:28:00]} Nc6
{[%clk 1:30:01]} 3. Bb5 {[%clk 1:26:30]} Nd4 {[%clk 1:30:00]} 4. Nf3
{[%clk 1:25:00]} a6 {[%clk 1:28:37]} 5. Bd3 {[%clk 1:25:00]} g6 {[%clk 1:27:55]}
6. Nxd4 {[%clk 1:22:30]} cxd4 {[%clk 1:26:45]} 7. Ne2 {[%clk 1:22:30]} Bg7
{[%clk 1:25:41]} 8. c3 {[%clk 1:22:30]} dxc3 {[%clk 1:25:28]} 9. dxc3
{[%clk 1:22:30]} d5 {[%clk 1:23:16]} 10. exd5 {[%clk 1:21:30]} Qxd5
{[%clk 1:22:09]} 11. O-O {[%clk 1:20:30]} Nf6 {[%clk 1:13:05]} 12. Be3
{[%clk 1:18:59]} O-O {[%clk 1:12:51]} 13. Qc2 {[%clk 1:16:30]} e5
{[%clk 1:11:51]} 14. f3 Be6 {[%clk 1:07:08]} 15. Rfd1 {[%clk 1:11:30]} Qc6
{[%clk 1:07:08]} 16. Ng3 {[%clk 1:10:00]} Nd5 {[%clk 1:06:28]} 17. Bd2
{[%clk 1:08:00]} Qb6+ {[%clk 1:05:49]} 18. Kh1 {[%clk 1:07:00]} Rac8
{[%clk 1:05:26]} 19. a3 {[%clk 1:01:56]} Nf4 {[%clk 1:04:33]} 20. Re1
{[%clk 0:50:00]} Nxd3 {[%clk 1:02:57]} 21. Qxd3 {[%clk 0:48:30]} Rfd8
{[%clk 1:02:14]} 22. Qc2 {[%clk 0:46:30]} Bb3 {[%clk 1:00:42]} 23. Qc1
{[%clk 0:46:30]} Rd5 {[%clk 0:57:26]} 24. Re4 {[%clk 0:41:00]} a5
{[%clk 0:55:38]} 25. Nf1 {[%clk 0:37:00]} f5 {[%clk 0:54:16]} 26. Re1
{[%clk 0:36:00]} a4 {[%clk 0:49:02]} 27. Rb1 {[%clk 0:35:00]} Qd6
{[%clk 0:48:24]} 28. Ra1 {[%clk 0:33:30]} b5 {[%clk 0:47:33]} 29. Rb1
{[%clk 0:32:59]} Rd8 {[%clk 0:46:21]} 30. Bg5 {[%clk 0:31:59]} Rd7
{[%clk 0:43:47]} 31. Ra1 {[%clk 0:31:00]} Qf8 {[%clk 0:40:29]} 32. Bd2
{[%clk 0:30:30]} Bf6 {[%clk 0:39:11]} 33. Rb1 {[%clk 0:30:00]} Qd8
{[%clk 0:38:08]} 34. Ra1 {[%clk 0:27:30]} Rxd2 {[%clk 0:37:04]} 35. Nxd2
{[%clk 0:27:29]} Rxd2 {[%clk 0:37:31]} 36. Rg1 {[%clk 0:27:30]} Bg5
{[%clk 0:32:51]} 37. c4 {[%clk 0:25:30]} Rxg2 {[%clk 0:28:13]} 38. Qc3
{[%clk 0:25:30]} Rxg1+ {[%clk 0:27:41]} 39. Rxg1 {[%clk 0:25:30]} Bxc4
{[%clk 0:26:42]} 40. Qxe5 {[%clk 0:25:29]} Bd5 {[%clk 0:26:58]} 41. Kg2
{[%clk 0:25:30]} Bf6 {[%clk 0:25:53]} 42. Qe2 {[%clk 0:25:30]} Bc4
{[%clk 0:25:59]} 43. Qc2 {[%clk 0:25:41]} Bd4 {[%clk 0:25:41]} 44. Rd1
{[%clk 0:25:47]} Bb3 {[%clk 0:25:15]} 45. Qd2 {[%clk 0:26:05]} Bxd1
{[%clk 0:25:33]} 46. Qxd1 {[%clk 0:26:27]} Qg5+ {[%clk 0:24:35]} 47. Kh1
{[%clk 0:26:40]} Qe3 {[%clk 0:24:29]} 48. Qf1 {[%clk 0:26:54]} Kf7
{[%clk 0:22:32]} 49. Qd1 {[%clk 0:27:18]} Ke6 {[%clk 0:22:33]} 50. Qf1
{[%clk 0:27:45]} Kd6 {[%clk 0:22:40]} 51. h4 {[%clk 0:28:09]} Qf2
{[%clk 0:22:15]} 52. Qd1 {[%clk 0:28:10]} Qxh4+ {[%clk 0:22:37]} 53. Kg2
{[%clk 0:28:36]} Qf2+ {[%clk 0:22:56]} 54. Kh1 {[%clk 0:28:57]} Qg1+
{[%clk 0:23:34]} 55. Qxg1 {[%clk 0:29:22]} Bxg1 56. Kxg1 {[%clk 0:29:34]} Kc5
{[%clk 0:24:02]} 57. Kg2 {[%clk 0:29:46]} Kc4 {[%clk 0:24:30]} 58. Kg3
{[%clk 0:30:12]} Kb3 {[%clk 0:24:54]} 59. Kf4 {[%clk 0:30:38]} h6
{[%clk 0:25:11]} 60. Ke5 {[%clk 0:31:01]} h5 {[%clk 0:25:37]} 61. Kf4
{[%clk 0:31:21]} h4 {[%clk 0:25:35]} 62. Ke3 {[%clk 0:31:44]} Kxb2
{[%clk 0:26:00]} 63. Kf2 {[%clk 0:32:07]} Kxa3 {[%clk 0:26:23]} 64. Kg2
{[%clk 0:32:32]} b4 {[%clk 0:26:49]} 65. Kh3 {[%clk 0:32:49]} b3 {[%clk 0:27:18]}
66. Kxh4 {[%clk 0:33:11]} b2 {[%clk 0:27:44]} 67. Kg5 {[%clk 0:33:35]} b1=Q
{[%clk 0:28:07]} 68. Kxg6 {[%clk 0:33:58]} Kb4 {[%clk 0:28:26]} 69. f4
{[%clk 0:34:21]} Kc5 {[%clk 0:28:26]} 70. Kf6 {[%clk 0:34:45]} Kd6
{[%clk 0:29:19]} 71. Kg5 {[%clk 0:35:09]} Ke6 {[%clk 0:29:45]} 72. Kh4
{[%clk 0:35:35]} Qd3 {[%clk 0:30:01]} 73. Kg5 {[%clk 0:35:59]} Qg3+
{[%clk 0:30:26]} 74. Kh5 {[%clk 0:36:22]} Kf6 {[%clk 0:30:46]} 75. Kh6
{[%clk 0:36:45]} Qh4# {[%clk 0:31:13]} 0-1